Historia de los derechos fundamentales. Tomo II: Siglo XVIII. / Volumen III

Detalles Bibliográficos
Autor principal: Rodrg̕uez Uribes, Jos ̌Manuel
Otros Autores: Ansut̀egui Roig, Francisco Javier
Formato: eBook
Lenguaje:español
Publicado: Madrid: Dykinson, 2001
Colección:Historia de los derechos fundamentales
Materias:
Acceso en línea:Acceso restringido

MARC

LEADER 00000nam a22000007a 4500
005 20141006193619.0
007 cr|||| ||||
008 141006s2001 es |||||s|||| 00||0 spa d
020 |a 84-8155-793-5 
035 |a 12396 
040 |a vLex 
090 |c 5174  |d 5174 
100 1 |a Rodrg̕uez Uribes, Jos ̌Manuel 
245 1 0 |a Historia de los derechos fundamentales.  |h [Recurso electrn̤ico] :  |b Tomo II: Siglo XVIII. /  |c Jos ̌Manuel Rodrg̕uez Uribes, Francisco Javier Ansut̀egui Roig  |n Volumen III 
256 |a Servicio en ln̕ea 
260 |a Madrid:  |b Dykinson,  |c 2001 
300 |a 1 recurso electrn̤ico 
490 0 0 |a Historia de los derechos fundamentales 
500 |a El Derecho positivo de los derechos humanos. Derechos humanos y comunidad internacional: los org̕enes del sistema. Contina︢ el gran proyecto de investigacin̤ y difusin̤ sobre la Historia de los Derechos Fundamentales emprendido en el seno del Instituto de Derechos Humanos Bartolom ̌de las Casas de la Universidad Carlos III de Madrid en 1990. En esta ocasin̤, se publica el Tomo II, relativo al siglo XVIII. Este tomo est ̀compuesto por tres volm︢enes. El volumen I dedicado al contexto social y cultural de los derechos. Los rasgos generales de evolucin̤. El volumen II dedicado a la filosofa̕ de los derechos humanos y el volumen III dedicado al derecho positivo de los derechos humanos. Derechos humanos y comunidad internacional. Los org̕enes del sistema. 
506 1 |a Disponible solo en los productos indicados  |d vLex Global  |d vLex Global (Academic Edition, excluding Law Schools)  |d vLex Global (U.S. Academic Edition, Law Schools)  |d vLex Global (U.S. Academic Edition, excluding Law Schools)  |d vLex Global (Academic Edition, Law Schools) 
650 0 4 |a Derecho Civil  |z Espaą 
650 0 4 |a Derecho Constitucional  |z Espaą 
650 0 4 |a Ciencias sociales  |z Espaą 
650 0 4 |a Historia y geografa̕  |z Espaą 
700 1 |a Ansut̀egui Roig, Francisco Javier 
740 0 |a vLex Libros (Servicio en ln̕ea) 
856 4 0 |u http://vlex.com/source/historia-de-los-derechos-fundamentales-tomo-ii-siglo-xviii-volumen-iii-el-derecho-positivo-de-los-derechos-humanos-derechos-humanos-y-comunidad-internacional-los-origenes-del-sistema-12396  |z Acceso restringido 
942 |c BOOK 
999 0 |a Civil Law 
999 0 |a Constitutional Law 
999 0 |a Social Sciences 
999 0 |a History and Geography